000 00683naa a22002651a 4500
001 60098
003 CO-BoRNBP
005 20251210152528.0
007 ta
008 199007s1981----esp-----------000-n-spa-c
020 _a8471664488
040 _aCO-BoUNC
_bspa
_c000
082 _a193
_bP213h
100 1 _aPapaioannou, Kostas
_967754
245 1 _aHegel /
_cParera Galmes, Bartolome, tr
250 _a1a. edición
300 _a302 p
336 _2rdacontent
_atexto
_btxt
337 _2rdamedia
_asin mediación
_bn
338 _2rdacarrier
_avolumen
_bnc
600 1 _aHegel, George Wilhelm Friedrich, 1770-1831
_967755
650 _2LEMB
942 _2ddc
_cBK
967 _aAJH
999 _c60098
_d60098